000 01010nam a2200277 i 4500
001 000027943
003 DO-SdBNP
005 20250331145244.0
007 ta
008 110406s1977 dr 000 0 spa d
040 _aDO-SdBNP
_bspa
_cBNPHU
_erda
049 _aBNPD
082 4 _axxx
_bC397
_222
245 0 0 _aCentro de Estudios de la Realidad Social Dominicana (CERESD) :
_bprimeros trabajos /
_cintroducción, Luis Gómez.
264 4 _aSanto Domingo :
_bEditora de la UASD,
_c©1977.
300 _a162 páginas ;
_c22 cm.
336 _atexto
_btxt
_2rdacontent
337 _asin mediación
_bn
_2rdamedia
338 _avolumen
_bnc
_2rdacarrier
490 1 _aPublicaciones de la Universidad Autónoma de Santo Domingo
_v223
490 1 _aUniversidad y Planificación
_v3
590 _aInventariado, 2025/BT
700 1 _aGomez, Luis,
_dintrod.
_955008
830 0 _aPublicaciones de la Universidad Autónoma de Santo Domingo
_n223, 3
_955009
_pColección Universidad y Panificación ;
942 _2ddc
_cLBS1
999 _c27435
_d27435